| 000 | 01188nmm a2200301 a 4500 | ||
|---|---|---|---|
| 001 | ocm000786408 | ||
| 003 | TR-IsHL | ||
| 005 | 20201028143029.0 | ||
| 008 | 140118s2009 tu tur | ||
| 007 | cr cn | ||
| 035 |
_a786408 _b(N$T) |
||
| 050 | 0 | 4 |
_aNK1510 _b.M49 2009 |
| 090 | 0 | 4 |
_aNK1510 _b.M49 2009 |
| 245 | 1 | 0 |
_aMezuniyet kataloğu 2009, İzmir Ekonomi Üniversitesi Güzel Sanatlar ve Tasarım Fakültesi = _bGraduation catalog 2009, Izmir University of Economics Faculty of Fine Arts and Design _h[electronic resource] / _ceditörler Laurie Churchman, Christopher Wilson ; çev. Laurie Churchman, Nükhet Tuncay, Christopher Wilson. |
| 260 |
_aİzmir : _bİzmir Ekonomi Üniversitesi, _c2009 |
||
| 300 | _a77 p. | ||
| 650 | 4 | _aGüzel Sanatlar | |
| 650 | 4 | _aFine Arts | |
| 650 | 0 | _aTasarım | |
| 650 | 0 | _aDesign | |
| 650 | 0 | _aEndüstriyel tasarım | |
| 650 | 0 | _aIndustrial design | |
| 650 | 7 |
_aARCHITECTURE / Design, Drafting, Drawing & Presentation _2bisacsh |
|
| 700 | 1 | _aChurchman, Laurie | |
| 700 | 1 | _aWilson, Christopher | |
| 700 | 1 | _aTuncay, Nükhet | |
| 856 | 4 | 0 | _uhttp://search.ebscohost.com/login.aspx?direct=true&scope=site&db=e011xww&AN=786408 |
| 999 |
_c8679 _d8679 |
||